书目信息 |
| 题名: |
真想种一种!美丽的多肉植物
|
|
| 作者: | 胜地末子 监修 ;妙聆妈妈 译 | |
| 分册: | ||
| 出版信息: | 郑州 河南科学技术出版社 2019重印 |
|
| 页数: | 157页 | |
| 开本: | 24cm | |
| 丛书名: | ||
| 单 册: | ||
| 中图分类: | S682.33 | |
| 科图分类: | ||
| 主题词: | 多浆植物--观赏园艺 | |
| 电子资源: | ||
| ISBN: | 978-7-5349-8859-2 | |
| 000 | 00892nam0 2200241 45 | |
| 001 | 012001001671 | |
| 005 | 20140108161215.0 | |
| 010 | @a978-7-5349-8859-2@dCNY35.00 | |
| 100 | @a20171222d2017 em y0chiy50 ea | |
| 101 | 1 | @achi@cjpn |
| 102 | @aCN@b410000 | |
| 105 | @aa z 000yy | |
| 106 | @ar | |
| 200 | 1 | @a真想种一种!美丽的多肉植物@Azhen xiang zhong yi zhong!mei li de duo rou zhi wu@f(日)胜地末子监修@g妙聆妈妈译 |
| 210 | @a郑州@c河南科学技术出版社@d2019重印 | |
| 215 | @a157页@c彩图@d24cm | |
| 330 | @a本书除了介绍多肉植物培育和繁殖的基本方法,以及一些受欢迎的多肉植物品种的基本知识以外,还展示了现在颇受欢迎的用一般花草所无法做成的个性化拼盘。 | |
| 606 | 0 | @a多浆植物@x观赏园艺 |
| 690 | @aS682.33@v5 | |
| 701 | 0 | @c(日)@a胜地末子@Asheng di mo zi@c(女)@4监修 |
| 702 | 0 | @a妙聆妈妈@Amiao ling ma ma@4译 |
| 801 | 0 | @aCN@b北京卓展@c20191020 |
| 905 | @b1202365-8@dS682.33@e528@f4 | |
| 真想种一种!美丽的多肉植物/(日)胜地末子监修/妙聆妈妈译.-郑州:河南科学技术出版社,2019重印 |
| 157页:彩图;24cm |
| ISBN 978-7-5349-8859-2:CNY35.00 |
| 本书除了介绍多肉植物培育和繁殖的基本方法,以及一些受欢迎的多肉植物品种的基本知识以外,还展示了现在颇受欢迎的用一般花草所无法做成的个性化拼盘。 |
| ● |
| 相关链接 |
|
|
|
|
正题名:真想种一种!美丽的多肉植物
索取号:S682.33/528
 
预约/预借
| 序号 | 登录号 | 条形码 | 馆藏地/架位号 | 状态 | 备注 |
| 1 | 1202365 | 212023656 | 第二样本阅览室/ [索取号:S682.33/528] | 在馆 | |
| 2 | 1202366 | 212023665 | 第三借阅区/ [索取号:S682.33/528] | 在馆 | |
| 3 | 1202367 | 212023674 | 第三借阅区/ [索取号:S682.33/528] | 在馆 | |
| 4 | 1202368 | 212023683 | 第三借阅区/ [索取号:S682.33/528] | 在馆 |